Manual de educación sexual / (Registro nro. 29484)
[ vista simple ]
| 000 -CABECERA | |
|---|---|
| campo de control de longitud fija | 00705nam a2200205 a 4500 |
| 001 - NÚMERO DE CONTROL | |
| campo de control | 000029992 |
| 005 - FECHA Y HORA DE LA ÚLTIMA TRANSACCIÓN | |
| campo de control | 20240305132444.0 |
| 008 - DATOS DE LONGITUD FIJA--INFORMACIÓN GENERAL | |
| campo de control de longitud fija | 110428s1978 dr a 000 0 spa d |
| 040 ## - FUENTE DE LA CATALOGACIÓN | |
| Centro catalogador/agencia de origen | DO-SdBNP |
| Lengua de catalogación | spa |
| Centro/agencia transcriptor | BNPHU |
| 082 ## - NÚMERO DE LA CLASIFICACIÓN DECIMAL DEWEY | |
| Número de clasificación | xxx |
| Número de documento/Ítem | M294 |
| 245 00 - MENCIÓN DE TÍTULO | |
| Título | Manual de educación sexual / |
| Mención de responsabilidad, etc. | Rosa Rita Álvarez ... [et. al.] ; ilustración Millarray Quiroga, José Mercader. |
| 260 ## - PUBLICACIÓN, DISTRIBUCIÓN, ETC. | |
| Lugar de publicación, distribución, etc. | Santo Domingo : |
| Nombre del editor, distribuidor, etc. | PROFAMILIA, |
| Fecha de publicación, distribución, etc. | 1978. |
| 300 ## - DESCRIPCIÓN FÍSICA | |
| Extensión | 110 p. : |
| Otras características físicas | il. ; |
| Dimensiones | 27 cm. |
| 700 1# - PUNTO DE ACCESO ADICIONAL--NOMBRE DE PERSONA | |
| Nombre de persona | Best, Sandra |
| 9 (RLIN) | 56719 |
| 700 1# - PUNTO DE ACCESO ADICIONAL--NOMBRE DE PERSONA | |
| Nombre de persona | Cordero, Milton |
| 9 (RLIN) | 56720 |
| 700 1# - PUNTO DE ACCESO ADICIONAL--NOMBRE DE PERSONA | |
| Nombre de persona | Estrella, Octavio |
| 9 (RLIN) | 52662 |
| 700 1# - PUNTO DE ACCESO ADICIONAL--NOMBRE DE PERSONA | |
| Nombre de persona | Mota Álvarez, Denis, |
| Fechas asociadas al nombre | 1952- |
| 9 (RLIN) | 11007 |
| 700 1# - PUNTO DE ACCESO ADICIONAL--NOMBRE DE PERSONA | |
| Nombre de persona | Quiroga, Millarray, |
| Término indicativo de función/relación | il. |
| 9 (RLIN) | 56721 |
| 700 1# - PUNTO DE ACCESO ADICIONAL--NOMBRE DE PERSONA | |
| Nombre de persona | Mercader, José, |
| Término indicativo de función/relación | il. |
| 9 (RLIN) | 56560 |
| Estado de retiro | Estado de pérdida | No para préstamo | Código de colección | Localización permanente | Ubicación/localización actual | Ubicación en estantería | Fecha de adquisición | Número de inventario | Total de préstamos | Signatura topográfica completa | Código de barras | Fecha visto por última vez | Precio válido a partir de | Tipo de ítem Koha |
|---|---|---|---|---|---|---|---|---|---|---|---|---|---|---|
| Excluido de préstamo | Patrimonio Dominicano | Patrimonio Dominicano | Patrimonio Dominicano | En catalogación | 28.04.2011 | LF1 | xxx M294 | 29992-10 | 25.06.2020 | 25.06.2020 | Libro y Folleto Colección Patrimonio Dominicano |
